Dell'importanza ed utilitá della idrologia medica e balneoterapia / (Record no. 48273)

MARC details
000 -LEADER
campo de control de longitud fija 00569nam a2200193 i 4500
001 - NÚMERO DE CONTROL
campo de control 48273
003 - IDENTIFICADOR DE NÚMERO DE CONTROL
campo de control ES-MaACL
005 - FECHA Y HORA DE LA ÚLTIMA TRANSACCIÓN
campo de control 20230906161725.0
007 - CAMPO FIJO DE DESCRIPCIÓN FÍSICA--INFORMACIÓN GENERAL
campo de control de longitud fija t|
008 - DATOS DE LONGITUD FIJA--INFORMACIÓN GENERAL
campo de control de longitud fija 950711s1886 it ||||1| ita d
040 ## - FUENTE DE CATALOGACIÓN
Centro catalogador/agencia de origen CAM
Lengua de catalogación spa
Centro/agencia transcriptor CAM
100 1# - ENTRADA PRINCIPAL--NOMBRE DE PERSONA
Nombre de persona Chiminelli, Luigi.
9 (RLIN) 38525
245 10 - MENCIÓN DEL TÍTULO
Título Dell'importanza ed utilitá della idrologia medica e balneoterapia /
Mención de responsabilidad, etc. Luigi Chiminelli.
250 ## - MENCION DE EDICION
Mención de edición 2º ed. aum.
260 ## - PUBLICACIÓN, DISTRIBUCIÓN, ETC.
Lugar de publicación, distribución, etc. Milano :
Nombre del editor, distribuidor, etc. [s.n.],
Fecha de publicación, distribución, etc. 1886 (
Fabricante Tip. del Commercio)
300 ## - DESCRIPCIÓN FÍSICA
Extensión 46 p. ;
Dimensiones 14 cm.
650 #4 - PUNTO DE ACCESO ADICIONAL DE MATERIA--TÉRMINO DE MATERIA
Término de materia o nombre geográfico como elemento de entrada Hidrología.
9 (RLIN) 136223
852 ## - LOCALIZACIÓN
Ubicación ES-MaACL
Número de control de estantería T-643-F-2
Holdings
Estatus retirado Estado de pérdida Estado de daño No para préstamo Colección Biblioteca de origen Biblioteca actual Ubicación en estantería Fecha de adquisición Fuente de adquisición Total de préstamos Signatura topográfica completa Código de barras Visto por última vez Precio de reemplazo Tipo de ítem Koha
        Colección de folletos Biblioteca del Ateneo de Madrid Biblioteca del Ateneo de Madrid Depósito folletos 17/01/2008     T-643-F-2 1050805 23/02/2023 23/02/2023 Folleto